| 000 | 00528cam a2200193ua 4500 | ||
|---|---|---|---|
| 001 | 663 | ||
| 005 | 20260515113215.0 | ||
| 008 | 110412n ii |||gr||||Z||||||eng | ||
| 040 | _cMAIN | ||
| 082 | _a342.02 | ||
| 245 | 1 |
_aWorld constitutions : _bTogether with comparative study & commentary / _cby B.N. Ahuja |
|
| 250 | _a1st. | ||
| 260 |
_aDelhi: _bCareers digest publications. |
||
| 300 | _avii, 223p.:0cm. | ||
| 653 | _aPolitical science | ||
| 653 | _aWorld constitutions | ||
| 700 |
_aAhuja, B.N., _eAuthor. |
||
| 942 | _cBK | ||
| 999 |
_c592 _d592 |
||